Canadian Welfare (Record no. 1449440)

MARC details
000 -LEADER
fixed length control field 00552nam a2200193Ia 4500
005 - DATE AND TIME OF LATEST TRANSACTION
control field 20250923145300.0
008 - FIXED-LENGTH DATA ELEMENTS--GENERAL INFORMATION
fixed length control field 008 250917s9999 xx 000 0 eng d
037 ## - SOURCE OF ACQUISITION
Stock number Textual
040 ## - CATALOGING SOURCE
Original cataloging agency DSWL
Language of cataloging eng
Transcribing agency DSWL
041 ## - LANGUAGE CODE
Language code of text/sound track or separate title eng
Source of code eng
084 ## - COLON CLASSIFICATION NUMBER
Classification number YX;5m72 N73
Assigning agency DSWL
245 #0 - TITLE STATEMENT
Title Canadian Welfare
Statement of responsibility, etc. by Canadian Council on Social development
260 ## - PUBLICATION, DISTRIBUTION, ETC.
Place of publication, distribution, etc. Ottawa
Name of publisher, distributor, etc. Canadian Council on Social development
Date of publication, distribution, etc. 1973
365 ## - TRADE PRICE
Price type code USD
Price amount 4.5
490 ## - SERIES STATEMENT
Volume/sequential designation Vol.49
925 ## -
-- 4.5
942 ## - ADDED ENTRY ELEMENTS (KOHA)
Koha item type Textual
Classification part YX;5m72 N73
Holdings
Withdrawn status Lost status Damaged status Not for loan Home library Current library Date acquired Total Checkouts Full call number Barcode Date last seen Price effective from Koha item type
        Department of Social Work Library Department of Social Work Library 2025-09-23   YX;5m72 N73 SW0016619 2025-09-23 2025-09-23 Textual
Copyright @ Delhi University Library System